000 00899nam a2200253Ia 4500
003 OSt
005 20220923214508.0
006 a|||||r|||| 00| 0
007 ta
008 220922b |||||||| |||| 00| 0 hin d
024 _a170,051
037 _cTextual
040 _aARTS
_cARTS
_bhin
041 _2hin
_ahin
082 _aO152:3N02x, K61
100 _aगोयलीय, अयोध्या प्रसाद
245 0 _aगहरे पानी पैठ
246 _aGahare pānī paiṭha
250 _aसंस्क0 4
260 _c1966
490 _aज्ञानपीठ लोाकोदय ग्रन्थमाला लक्ष्मीचन्द्र जैन द्वारा सम्पा0; 12
942 _hO152:3N02x, K61
_cTEXL
_2CC
999 _c324415
_d324415